Mastering graphics programming in C (Record no. 124104)

MARC details
000 -LEADER
fixed length control field 00364nam a2200145Ia 4500
008 - FIXED-LENGTH DATA ELEMENTS--GENERAL INFORMATION
fixed length control field 230917s9999||||xx |||||||||||||| ||und||
040 ## - CATALOGING SOURCE
-- 107482
Original cataloging agency VIVEKANANDA LIBRARY
041 ## - Language
-- English
082 ## - DDC NUMBER
Classification number 005.133 D32M
100 ## - MAIN ENTRY--PERSONAL NAME
Personal name Dawra, Sudhir
245 #0 - TITLE STATEMENT
Title Mastering graphics programming in C
260 ## - PUBLICATION, DISTRIBUTION, ETC. (IMPRINT)
Place of publication, distribution, etc New Delhi
Name of publisher, distributor, etc Firewall media
Date of publication, distribution, etc 2004
300 ## - PHYSICAL DESCRIPTION
Pages 286 p.
942 ## - ADDED ENTRY ELEMENTS (KOHA)
Koha item type Books
Holdings
Withdrawn status Lost status Damaged status Not for loan Location (home branch) Sublocation or collection (holding branch) Shelving location Date acquired Koha issues (times borrowed) Koha full call number Accession No. Koha date last seen Koha item type
        VIVEKANANDA LIBRARY VIVEKANANDA LIBRARY UIET Library 13/07/2005   005.133 D32M 219715 17/09/2023 Books
        VIVEKANANDA LIBRARY VIVEKANANDA LIBRARY UIET Library 13/07/2005   005.133 D32M 219716 17/09/2023 Books
        VIVEKANANDA LIBRARY VIVEKANANDA LIBRARY UIET Library 13/07/2005   005.133 D32M 219717 17/09/2023 Books
© Designed and Maintained by Vivekananda Library, MDU Rohtak